| 000 | 00417nam a2200157Ia 4500 | ||
|---|---|---|---|
| 005 | 20250106042713.0 | ||
| 008 | 240331s9999 xx 000 0 und d | ||
| 082 |
_bGOD _2991 _a305.23 |
||
| 100 | _aGunatilleke, G | ||
| 245 | 0 |
_aChanging Needs of Children : _bThe experience of Sri Lanka |
|
| 260 |
_aColombo _bMarga Institute _c1985 |
||
| 300 | _aiii, 38 p., | ||
| 650 | _aChildren | ||
| 650 | _aEducation | ||
| 942 | _cL | ||
| 999 |
_c1533 _d1533 |
||